Reálna konvergencia v stredoeurópskych krajinách z pohľadu Balassa-Samuelsonovho modelu

Predpoklady a súvislosti Balassovho-Samuelsonovho modelu umožňujú pochopiť vývoj reálnej konvergencie v stredoeurópskych krajinách. Výpočet Balassovho-Samuelsonovho efektu (BSE) zistil jeho intenzívne vytváranie v rokoch 1996 – 2008 a jeho prerušenie v krízovom období 2009 – 2013. Potvrdil, že rozsa...

Descrizione completa

Salvato in:
Dettagli Bibliografici
Autore principale: Okáli, Ivan
Natura: Capitolo di libro
Lingua:slovacco
Soggetti:
Tags: Aggiungi Tag
Nessun Tag, puoi essere il primo ad aggiungerne!!

MARC

LEADER 00000naa a2200000 4500
001 0221659
005 20221019173604.1
041 0 |a slo 
044 |a SK 
245 1 0 |a Reálna konvergencia v stredoeurópskych krajinách z pohľadu Balassa-Samuelsonovho modelu  |c Ivan Okáli 
520 |a Predpoklady a súvislosti Balassovho-Samuelsonovho modelu umožňujú pochopiť vývoj reálnej konvergencie v stredoeurópskych krajinách. Výpočet Balassovho-Samuelsonovho efektu (BSE) zistil jeho intenzívne vytváranie v rokoch 1996 – 2008 a jeho prerušenie v krízovom období 2009 – 2013. Potvrdil, že rozsah BSE závisí od rastu produktivity práce v segmente ekonomiky vyrábajúcom obchodovateľné tovary. Hospodárska kríza oslabila trhový mechanizmus, ktorý v čase hospodárskej prosperity umožňoval tvorbu BSE. Z toho dôvodu sa hľadá priemyselná politika schopná podporiť tvorbu BSE spolu s časťami ekonomiky vhodnými na jej použitie. Odporúča sa pokračovať v podpore zahraničných investícií spolu so stimulovaním inovačných aktivít a rozširovaní zamestnanosti v domácom podnikateľskom sektore, a najmä v jeho malých a stredných podnikoch. 
610 2 0 |a Európska únia 
610 2 0 |a stredná Európa 
610 2 0 |a transformácia 
610 2 0 |a konvergencia 
610 2 0 |a modely ekonometrické 
610 2 0 |a politika hospodárska 
100 1 |a Okáli, Ivan